Tattvārtha-ślokavārttikālaṅkāra. (Record no. 71086)
[ view plain ]
| 000 -LEADER | |
|---|---|
| fixed length control field | 01238cam a22002771 4500 |
| 001 - CONTROL NUMBER | |
| control field | sa 66007309 |
| 003 - CONTROL NUMBER IDENTIFIER | |
| control field | DLC |
| 005 - DATE AND TIME OF LATEST TRANSACTION | |
| control field | 20260227112303.0 |
| 008 - FIXED-LENGTH DATA ELEMENTS--GENERAL INFORMATION | |
| fixed length control field | 800311m19499999ii a 000 0 san |
| 010 ## - LIBRARY OF CONGRESS CONTROL NUMBER | |
| LC control number | sa 66007309 |
| 035 ## - SYSTEM CONTROL NUMBER | |
| System control number | (OCoLC)21240657 |
| 040 ## - CATALOGING SOURCE | |
| Original cataloging agency | DLC |
| Transcribing agency | NN |
| Modifying agency | OCoLC |
| -- | DLC |
| 042 ## - AUTHENTICATION CODE | |
| Authentication code | premarc |
| 050 00 - LIBRARY OF CONGRESS CALL NUMBER | |
| Classification number | PK3798.V46 |
| Item number | U5 |
| 100 0# - MAIN ENTRY--PERSONAL NAME | |
| Personal name | Vidyānanda, |
| Dates associated with a name | active 775-840. |
| 245 10 - TITLE STATEMENT | |
| Title | Tattvārtha-ślokavārttikālaṅkāra. |
| Remainder of title | Bhāṣāṭīkāsamanvita. |
| Statement of responsibility, etc. | Śrīvidyānandi-svāmiviracitaḥ. Ṭīkākāra Māṇikacandajī Kaundeya. Sampādaka va prakāśaka Vardhamāna Pārśanātha Śāstrī. |
| 260 ## - PUBLICATION, DISTRIBUTION, ETC. | |
| Place of publication, distribution, etc. | Solāpura, |
| Name of publisher, distributor, etc. | Ā. Mantrī, Ācārya Kunthusāgara Granthamālā, |
| Date of publication, distribution, etc. | 1949- |
| 300 ## - PHYSICAL DESCRIPTION | |
| Extent | v. |
| Other physical details | ports, |
| Dimensions | 26 cm. |
| 490 0# - SERIES STATEMENT | |
| Series statement | Śrī Ācārya Kunthusāgara Granthamāla, Puṣpa 41-45, 47 |
| 500 ## - GENERAL NOTE | |
| General note | A commentary on Umāsvāti's Tattvārthādhigamasūtra. |
| 500 ## - GENERAL NOTE | |
| General note | Umāsvāti's text and Vidyānanda's commentary in Sanskrit; Kondeya's commentary in Hindi; prefatory matter in Hindi or English. |
| 650 #0 - SUBJECT ADDED ENTRY--TOPICAL TERM | |
| Topical term or geographic name entry element | Jainism. |
| 700 1# - ADDED ENTRY--PERSONAL NAME | |
| Personal name | Kondeya, Manik Chandra, |
| Dates associated with a name | 1887- |
| 700 1# - ADDED ENTRY--PERSONAL NAME | |
| Personal name | Śāstrī, Vardhamāna Pārśvanātha. |
| 700 02 - ADDED ENTRY--PERSONAL NAME | |
| Personal name | Umāsvāti, |
| Dates associated with a name | approximately 135-approximately 219. |
| Title of a work | Tattvārthadhigamasūtra. |
No items available.